| 000 | 01031nam a2200253 a 4500 | ||
|---|---|---|---|
| 001 | 015990397 | ||
| 003 | Uk | ||
| 005 | 20130326152533.0 | ||
| 008 | 111120s2012 dcua b 001 0 eng d | ||
| 020 | _a9780875530130 | ||
| 020 | _a0875530133 | ||
| 082 | 0 | 4 |
_a628.161 _223 _bSTA |
| 245 | 0 | 0 | _aStandard Methods for Examination of Water and Wastewater. |
| 250 |
_a22nd ed. / _bprepared and published jointly by American Public Health Association, American Water Works Association, Water Environment Federation ; joint editorial board, Eugene W. Rice ... [et al.] ; managing editor, Laura Bridgewater. |
||
| 260 |
_aWashington, D.C. : _bAmerican Water Works Association, _c2012. |
||
| 300 |
_a1 v. (various pagings) : _bill. (some col.) ; _c29 cm. |
||
| 504 | _aIncludes bibliographical references and index. | ||
| 650 | 0 |
_aWater _xAnalysis. _932984 |
|
| 650 | 0 |
_aSewage _xAnalysis. _919276 |
|
| 653 |
_bGen _cMarch2013 |
||
| 700 | 1 |
_aRice, Eugene W. _932985 |
|
| 710 | 2 |
_aAmerican Water Works Association. _932986 |
|
| 942 |
_2ddc _cBB |
||
| 999 |
_c17405 _d17377 |
||